00675nam a2200205Ia 4500008004100000050001200041050001500053100003500068245014400103245003500247260003100282260001000313260001000323300001500333300002000348300001100368500005600379521001500435999001900450170504s9999 xx 000 0 und d aBF 698  b.D321 2016 ade Guzman, Shazafras Jeremy D. aLevels of neurotic behavior and self-esteem of children in conflict with the law at marillac hills national training school for the girls / cShazafras Jeremy D. de Guzman. aLas Piñas, Philippines : bSISC, c2016. a63 pages : billustrations ; c28 cm. aIncludes bibliographical references and appendices. aPsychology c329814d329814